| 000 | 00574nam a22002057a 4500 | ||
|---|---|---|---|
| 003 | DO-SdBNP | ||
| 005 | 20211105130800.0 | ||
| 007 | ta | ||
| 008 | 210611e2017 dr ||||grd||| 00| 0 eng d | ||
| 040 |
_aDO-SdBNP _bspa _cBNPHU |
||
| 041 | 1 | 7 | _aeng |
| 082 | 4 |
_222 _bA445r |
|
| 100 | 1 |
_aAlmánzar Alvarado, Vianelis _978815 |
|
| 245 | 1 | 0 |
_aRead it laugh learn / _cVianelis Almánzar Alvarado |
| 260 |
_aSantiago, República Dominicana : _bEmilio Ureña, _c2017. |
||
| 300 |
_a154 p. ; _c21 cm. |
||
| 590 | _aInventariado, 2021/MF /BT | ||
| 910 | _aMféliz | ||
| 942 |
_2ddc _cLBS1 |
||
| 999 |
_c49911 _d49911 |
||